mysqli: Table './ulib62015/stat_globaluid' is marked as crashed and should be repaired select id from stat_globaluid where statuid='20260517103105_2693' mysqli: Table './ulib62015/stat_globaluid' is marked as crashed and should be repaired DELETE FROM stat_globaluid
WHERE id NOT IN (
SELECT id
FROM (
SELECT id
FROM stat_globaluid
ORDER BY id DESC
LIMIT 100
) foo
); mysqli: Table './ulib62015/stat_globaluid' is marked as crashed and should be repaired insert into stat_globaluid set
statuid='20260517103105_2693',
dt='1778988665',
phpself='/ULIB62015/dublinfull.php',
agent='Mozilla/5.0 AppleWebKit/537.36 (KHTML, like Gecko; compatible; ClaudeBot/1.0; +claudebot@anthropic.com)',
yea='2026',
mon='5',
dat='17',
ip='216.73.216.45'
mysqli: Table './ulib62015/stathist_viewbib_bib_type' is marked as crashed and should be repaired insert into stathist_viewbib_bib_type set
dat='17' ,
mon='05' ,
yea='2026' ,
statuid='20260517103105_2693' ,
head='13399122749' ,
foot='marc' ,
dt='1778988665'
LEADER : 00000nam 2200000uu 4500
001 13399122749
003 ULIB
008 200716s2013||||th 000 0 eng d
020 ^a9781449333898 (Vol. 1)
050 04 ^aTK7870^bP719e 2013
100 1 ^aPlatt, Charles
245 10 ^aEncyclopedia of electronic components:^bPower sources & conversion^nVolume 1 /^cCharles Platt
246 30 ^aElectronic components
260 ^aSebastopol, CA :^bMaker Media,^cc2013
300 ^axxi, 272 pages:^billustrations ;^c25 cm.
500 ^aIncludes index.
500 ^a"Revision history for the first edition: 2012-10-13: first release ; 2012-12-04: second release ; 2013-05-03: third release; 2013-12-30 fourth release"--title page verso.
505 0 ^aV.1. Power sources & conversion: resistors, capacitors, inductors, switches, encoders, ralays, transistors -- v.2. Signal processing : diodes, transistors, chips, light, heat, sound emitters -- v.3. Sensors: Location, presence, proximity, orientation, oscillation, force, load, human input, liquid and gas properties, light, heat, sound, electricity.
650 0 ^aElectronic apparatus and appliances.
650 0 ^aElectronic apparatus and appliances^vEncyclopedias
650 0 ^aPassive components^vEncyclopedias
945 ^p755^l0^i027976
945 ^p0^l0^i028742
945 ^p0^l0^i028743
945 ^p0^l0^i028744
945 ^p0^l0^i028745
999 ^a57066
คุณยังไม่ได้ล็อกอิน คุณสามารถมีกิจกรรมร่วมกับเว็บไซต์ได้ แต่ต้องล็อกอินก่อน ::
ลำดับที่
ประเภท
เลขเรียก /บาร์โค้ด
สถานที่
สถานะ
1.
หนังสือ TK7870 P719e 2013 v.1 c.1 Barcode: 027976 หนังสือทั่วไป บนชั้น ขอยืม Note: งบประมาณปี 2563
2.
หนังสือ TK7870 P719e 2013 v.1 c.2 Barcode: 028742 หนังสือทั่วไป บนชั้น ขอยืม Note: งบประมาณปี 2564
3.
หนังสือ TK7870 P719e 2013 v.1 c.3 Barcode: 028743 หนังสือทั่วไป บนชั้น ขอยืม Note: งบประมาณปี 2564
4.
หนังสือ TK7870 P719e 2013 v.1 c.4 Barcode: 028744 หนังสือทั่วไป บนชั้น ขอยืม Note: งบประมาณปี 2564
5.
หนังสือ TK7870 P719e 2013 v.1 c.5 Barcode: 028745 หนังสือทั่วไป บนชั้น ขอยืม Note: งบประมาณปี 2564
รายการใกล้เคียง
ผู้แต่ง [Platt, Charles] หัวเรื่อง [Electronic apparatus and appliances.]
ยังไม่เคยถูกคอมเมนท์
คอมเมนท์ทรัพยากรรายการนี้
JavaScript must be enabled in order for you to use Google Maps.
However, it seems JavaScript is either disabled or not supported by your browser.
To view Google Maps, enable JavaScript by changing your browser options, and then
try again.